000 00905nam a22002537a 4500
001 8422
003 FISKH
005 20250911105855.0
008 250911b cb ||||| |||| 00| 0 eng d
020 _a9781577689560
040 _aFISKH
_beng
_cFISKH
_dFISKH
050 _aQP38 .H35
082 _a612
100 _aHarris, Nicholas
245 _aThe incredible journey throug the human body /
_cBy Nicholas Harris
260 _aColumbus :
_bPeter Bedrick Books ,
_c2002.
300 _a32 pages :
_bcolor illustrations ;
_c30 cm .
520 _aIllustrations and simple text describe the characteristics and functions of the human body's major organs.The reader is taken on a trip into the body through holes in the illustrations.
650 _aHealth & Fitness
_vNon-fiction
650 _aHuman Body
_vNon-fiction
700 _aMontgomery, Lee
_eIllustrator
942 _2ddc
_cBK
_n0
999 _c8422
_d8422